| 000 | 00959nam a22002537a 4500 | ||
|---|---|---|---|
| 005 | 20100417113033.0 | ||
| 008 | 100518t xxu||||| |||| 00| 0 eng d | ||
| 010 | _aENG-96101 | ||
| 020 |
_a9788120340404 _c350.00 |
||
| 035 | _aEN-79634 | ||
| 037 | _bDBAD/PUB | ||
| 040 |
_aDPL _bEng |
||
| 082 | _a660.6 | ||
| 100 |
_aNooralabettu Krishna Prasad _917328 |
||
| 245 |
_aDownstream process technology : _cby Nooralabettu Krishna Prasad _ba new horizon in biotechnology / |
||
| 260 |
_aNew Delhi _bPHI Learning _c2010 |
||
| 270 |
_aM-97,Connaught Circus _bNew Delhi _e110001 |
||
| 300 |
_axi,368p. _c22cm (pbK) |
||
| 500 | _aIncludes biblographical references and index | ||
| 650 |
_aBiotechnology _917329 |
||
| 700 |
_aHowitt,Dennis _917330 |
||
| 942 |
_2ddc _cEN _mNOO _h660.6 |
||
| 999 |
_c36187 _d36187 |
||